La montaña mágica (Record no. 9543)

MARC details
000 -CABECERA
campo de control de longitud fija 00722nam a2200229 a 4500
001 - NÚMERO DE CONTROL
campo de control BRL_731
005 - FECHA Y HORA DE LA ÚLTIMA TRANSACCIÓN
campo de control 20190320210854.0
008 - DATOS DE LONGITUD FIJA--INFORMACIÓN GENERAL
campo de control de longitud fija 300913s1945----mx-#######---#000-1#spa-#
041 ## - CÓDIGO DE LENGUA
Código de lengua del texto/banda sonora o título independiente spa
044 ## - CÓDIGO DEL PAÍS DE LA ENTIDAD EDITORA/PRODUCTORA
Código MARC del país mx
050 #4 - SIGNATURA TOPOGRÁFICA DE LA BIBLIOTECA DEL CONGRESO
Número de clasificación PT2625.A44
Número de documento/Ítem .M36 1945
100 1# - ENTRADA PRINCIPAL--NOMBRE DE PERSONA
Nombre de persona Mann, Thomas
Fechas asociadas al nombre 1875-1955
9 (RLIN) 24777
245 10 - MENCIÓN DE TÍTULO
Título La montaña mágica
Mención de responsabilidad, etc. Thomas Mann ; versión directa del alemán por Mario Verdaguer.
260 ## - PUBLICACIÓN, DISTRIBUCIÓN, ETC.
Lugar de publicación, distribución, etc. México D.F.
Nombre del editor, distribuidor, etc. Editorial Diana
Fecha de publicación, distribución, etc. 1945
300 ## - DESCRIPCIÓN FÍSICA
Extensión 975 p.
Dimensiones 21 cm.
500 ## - NOTA GENERAL
Nota general Au762
500 ## - NOTA GENERAL
Nota general Estado físico :Ejemplar con lomo faltante y desprendiemiento de hojas.
650 14 - PUNTO DE ACCESO ADICIONAL DE MATERIA--TÉRMINO DE MATERIA
Término de materia o nombre geográfico como elemento de entrada Literatura Alemana
Subdivisión general Novela
9 (RLIN) 24778
700 1# - PUNTO DE ACCESO ADICIONAL--NOMBRE DE PERSONA
Nombre de persona Verdaguer, Mario
Fechas asociadas al nombre 1885-1963
Término indicativo de función/relación tr.
9 (RLIN) 24779
902 ## - CATALOGADOR
Iniciales GRL
942 ## - ELEMENTOS DE PUNTO DE ACCESO ADICIONAL (KOHA)
Fuente del sistema de clasificación o colocación Library of Congress Classification
Tipo de ítem Koha Libros
Holdings
Estado de retiro Estado de pérdida Estado dañado No para préstamo Localización permanente Ubicación/localización actual Fecha de adquisición Número de inventario Total de préstamos Signatura topográfica completa Código de barras Fecha visto por última vez Precio válido a partir de Tipo de ítem Koha
El ejemplar forma parte de la colección y puede ser consultado según las políticas vigentes.       Biblioteca Centro de Estudios Ruth D. Lechuga Biblioteca Centro de Estudios Ruth D. Lechuga 30/09/2013 Au762   PT2625.A44 .M36 1945 (Au762) GRL00801 22/03/2019 22/03/2019 Libros